00267nam a2200085Ia 4500008004100000245007100041260000900112650001200121856004800133171211s9999 xx 000 0 und d aSpies and Holy Wars: The Middle East in 20th-Century Crime Fiction c2010 xCULTURE uhttp://down.ebook777.com/063/0292723008.pdf